00860nam a2200241 i 4500001000700000003000900007005001700016007000300033008004100036080002400077080002200101245019600123260004400319300003000363500004300393504002900436651003700465700001800502700002400520700002000544700002100564852003300585128262ES-MaACL20230906193221.0t|070627s1985 be ||||1| fre d a913(493.21 B.)(036) a7(493.21 B.)(036)00aGuide de Bruxelles XIXe et art nouveau / csous la direction de Pierre Loze ; avec la collaboration de Dominique Vautier et Marina Festre ; et la contribution de Didier Collard ... [et. al.]. a[Bruselas] : bAtelier Vokaer, c[1985] a314 p. : bil. ; c25 cm. aBiblioteca Jacinto Martínez Lacalle. aBibliografía: 301-314. 4aBruselas-vGuías turísticas.1 aLoze, Pierre.1 aVautier, Dominique.1 aFestre, Marina.1 aCollard, Didier. aES-MaACLjE-11701 bR.139897